[Event "Leon"]
[Site "Leon"]
[Date "1997.06.08"]
[Round "4"]
[White "Nunn, John DM"]
[Black "Sion Castro, Marcelino"]
[Result "1/2-1/2"]
[WhiteElo "2605"]
[BlackElo "2440"]
[Annotator "Ribli,Z"]
[PlyCount "67"]
[EventDate "1997.06.05"]
[EventType "tourn"]
[EventRounds "9"]
[EventCountry "ESP"]
[EventCategory "10"]
[SourceTitle "CBM 060"]
[Source "ChessBase"]
[SourceDate "1997.09.29"]
[SourceVersion "1"]
[SourceVersionDate "1997.09.29"]
[SourceQuality "1"]

1. e4 c5 2. Nf3 e6 3. d4 cxd4 4. Nxd4 Nc6 5. Nc3 a6 6. Be2 Qc7 7. f4 b5 (7...
Nxd4 $5 8. Qxd4 b5 {Ich empfehle diese Alternative - das ist die andere
theoretische Hauptvariante für Schwarz. Die weiße Dame steht exponiert auf d4.
Das gibt Schwarz Gegenspiel.}) 8. Nxc6 Qxc6 (8... dxc6 $6 {Nach diesem Tausch
Schwarz hat eine passive Stellung.Ribli.}) 9. Bf3 Bb7 10. e5 Qc7 11. Ne4 Nh6 {
[%csl Gf5][%cal Gh6f5] Der schwarze Springer zielt nach f5. Es ist eine
Seltenheit, wenn ein Springer auf h6 gut steht.} (11... Rd8) (11... Rc8) 12.
Be3 {Weiß muß so spielen, sonst ist es nach 11...Nf5 nicht leicht, einen guten
Platz für den Läufer zu finden.} Nf5 (12... Rc8 13. O-O Nf5 14. Bf2 h5 15. a4
bxa4 16. Rxa4 Be7 17. c3 h4 18. Qd3 $14 O-O 19. Rd1 Rfd8 20. Nd6 {1/2-1/2
Romero Holmes,A-Rajkovic,D/Leon 1988 (37)}) 13. Bf2 h5 $5 $13 {[%csl Gf5] Mit
diesem Zug sichert Schwarz die Springerstellung auf f5. Spaeter kann er immer
noch h5-h4 ziehen. Der Nachteil ist, daß sein Königsfluegel durch diesen
Bauernzug geschwächt wird und es nicht leicht für den König sein wird, einen
sicheren Platz zu finden.} (13... Rd8 14. g4 d5 15. Ng5 Ne7 16. Bg2 h6 17. Nf3
g5 18. fxg5 hxg5 19. O-O Ng6 {Roeberg,F-Kersten,U/Bruchkoebel MT 1993/0-1 (51)}
) 14. O-O h4 (14... Rc8) 15. a4 b4 (15... bxa4 16. Rxa4 $14 {[%csl Re8] Weiß
hat aktives Figurenspiel, während Schwarz akute Entwicklungsprobleme hat.}) 16.
c3 (16. Qd2 Be7 17. Rfd1 $5 {[%cal Gd1d7]}) 16... Rc8 $5 (16... bxc3 17. Rc1 (
17. Nxc3)) 17. Rc1 (17. cxb4 $6 Bxb4 {[%csl Gb4] Schwarz ist zufrieden, daß er
seinen Laeufer nach b4 entwickeln kann.} 18. Rc1 Qxc1 19. Qxc1 Rxc1 20. Rxc1
Ke7 $13) 17... Qb8 18. Qd3 Be7 19. cxb4 (19. Rfd1 O-O 20. cxb4 (20. Qxd7 Rfd8 (
20... Bc6 21. Qd3 Bxa4) (20... Bd5 {[%csl Rd7]} 21. Rxd5 Rfd8 (21... exd5 22.
Qxf5 dxe4 23. Bxe4 g6 24. Qg4 $44)) (20... Bxe4 21. Bxe4 Rfd8 22. Qb7 (22. Qa7
Rxd1+ 23. Rxd1 Qxa7 24. Bxa7 bxc3 25. bxc3 (25. Rc1 Rc4) 25... Rxc3)) 21. Qxb7
(21. Nf6+) 21... Qxb7 22. Nf6+ gxf6 23. Bxb7 $16) 20... Bxb4 21. Qxd7 {Das
führt zu unserer Partiefortsetzung.}) 19... Bxb4 20. Rfd1 O-O $1 {Schwarz
verteidigt nicht den schwachen d7-Bauern, sondern beendet seine Entwicklung.
Dadurch bekommt er aktives Spiel.} 21. Qxd7 Rxc1 22. Rxc1 Bxe4 {Schwarz gibt
auf sein Läuferpaar für lebendiges Figurenspiel auf.} 23. Bxe4 Rd8 24. Qb7 (24.
Qc6 Bd2 {[%cal Rd2c1,Rd2f4]}) (24. Qc7 $2 Rd1+ $19 (24... Qxc7 25. Rxc7 Rd1+
$19)) 24... Bd2 25. Qxb8 (25. Rc4 Qxb7 26. Bxb7 Bxf4 {[%csl Re5][%cal Gd8d1]}
27. Rxf4 Rd1+ 28. Be1 Rxe1+ $11) 25... Rxb8 26. Rc4 Rxb2 (26... Bxf4 $2 27.
Bxf5 {[%cal Rc4f4]}) 27. Bxf5 exf5 28. Kf1 (28. Bxh4 $2 Rb1+ 29. Kf2 Be1+ $19 {
[%cal Re1h4]}) 28... a5 29. Bxh4 Bb4 $44 {Schwarz hat einen aktiven Turm und
einen aktiven Läufer, der a4-Bauer ist schwach, und Weiß hat eine
Bauernmehrheit am Königsflügel, die kaum zu verwerten ist.} 30. h3 (30. Rc8+
Kh7 31. Rc7 Kg6) 30... Rb1+ (30... Ra2 $11) 31. Ke2 (31. Kf2 $2 Be1+) 31...
Rb2+ {Mit einfachen Turmschachs hält Schwarz das Gleichgewicht.} 32. Kf3 Rb3+
33. Ke2 (33. Kf2 Rb2+ 34. Kg1 (34. Kg3 $2 Be1+) 34... Rb1+ 35. Kh2 Ra1 $11)
33... Rb2+ 34. Kf3 $11 {Und remis durch Zugwiederholung.} 1/2-1/2

[Event "Olympiad-36"]
[Site "Mallorca"]
[Date "2004.10.20"]
[Round "6"]
[White "Adams, Michael"]
[Black "Hernandez Guerrero, Gilberto Eduardo"]
[Result "1-0"]
[WhiteElo "2740"]
[BlackElo "2509"]
[Annotator "Ribli,Z"]
[PlyCount "59"]
[EventDate "2004.10.15"]
[EventType "team-swiss"]
[EventRounds "14"]
[EventCountry "ESP"]
[SourceTitle "CBM 104"]
[Source "ChessBase"]
[SourceDate "2005.01.27"]
[SourceVersion "1"]
[SourceVersionDate "2005.01.27"]
[SourceQuality "1"]
[WhiteTeam "England"]
[BlackTeam "Mexico"]
[WhiteTeamCountry "ENG"]
[BlackTeamCountry "MEX"]

1. e4 {Ftacnik} c5 2. Nf3 e6 3. d4 cxd4 4. Nxd4 Nc6 5. Nc3 Qc7 6. g3 {
Großmeister Adams spielt gern diese Variante mit Weiß.} a6 7. Bg2 Nf6 8. O-O
Nxd4 9. Qxd4 Bc5 10. Bf4 d6 11. Qd3 (11. Qd2 {Das ist die übliche Fortsetzung.}
) 11... Nd7 (11... h6 12. Na4 e5 13. Nxc5 exf4 14. Nb3 fxg3 15. hxg3 Be6 16.
Nd4 $14) 12. Na4 e5 13. Bd2 b5 14. Nxc5 Nxc5 15. Qc3 {Ftacnik: 'Adams has
played on the Baleares Islands in great form, his strongest weapon is the fine
strategic play. More frequent in this position is 15.Qa3, but the text move is
not without venom.'} (15. Qa3 Bb7 16. Ba5 Qe7 17. Qe3 O-O 18. Rad1 f5 19. exf5
Rxf5 20. Bxb7 Nxb7 $13 {1-0 Adams,M-Bauer,C/Belfort FRA 2004/(37)}) 15... Bb7 (
15... Qb6 16. Be3 Be6 17. Rfd1 b4 18. Qd2 Ke7 19. a3 a5 20. axb4 axb4 21. Bxc5
Qxc5 22. Qg5+ Kd7 23. Qxg7 $16) (15... a5 $5 16. a3 Qb8 17. Qe3 O-O 18. Bxa5
Rxa5 19. b4 Ra4 20. bxc5 dxc5 21. Qxc5 Rc4 $11) 16. a4 $1 {[%mdl 4] In einigen
Varianten der Sizilianische Verteidigung, wenn Schwarz a6-b5 spielt, kann Weiß
mit a4 die Schwächung des Damenflügels nutzen. Wegen der Fesselung auf der
c-Linie hängt der e4- oder auch der a4P - nicht.} Qc6 (16... bxa4 17. Rxa4 $14)
(16... Rc8 17. axb5 axb5 18. Qb4 $14) 17. axb5 axb5 (17... Qxb5 {Ftacnik} 18.
Ra5 $14) 18. Rxa8+ Bxa8 19. f3 $14 {[%csl Gd2,Gg2] Weiß hat das Läuferpaar und
es gibt einige Schwächen am schwarzen Damenflügel (der b5P, der d6P, das
d5-Feld).} Ke7 (19... O-O {'!?' Ftacnik.} 20. Ra1 $14 f5 {Ftacnik} 21. exf5
Rxf5 22. Be3 $14) 20. Qe3 {[%cal Re3g5,Rg5e7,Rg5g7]} f6 {'?!' Ftacnik. Ftacnik:
'Hernandez plays as if his position can withstand any danger. The King in the
center and weakened pawn structure are clear arguments for the White's
advantage.'} (20... Ne6 {Ftacnik} 21. Qf2 Rc8 22. c3 Qc4 23. Ra1 $14) 21. Rd1 {
'!' Ftacnik.} (21. Ra1 {Ftacnik} Bb7 22. Bf1 Ra8 23. Rxa8 Bxa8 24. c4 bxc4 25.
Bxc4 Ne6 26. b3 $14) 21... Bb7 (21... Kf7 22. Bb4 $14) 22. Bb4 Rd8 (22... Ra8
23. Bf1 $14) 23. c3 Bc8 (23... Na6 {Ftacnik} 24. Ba5 Ra8 25. Bf1 Nc5 26. Bb4
$14) 24. Bf1 (24. f4 $5 $16 {'!' Ftacnik.} Ke8 {Ftacnik} (24... Be6 {Ftacnik}
25. fxe5 fxe5 26. Qg5+ $18) 25. Qf3 $16) 24... Be6 25. Ra1 $16 {[%csl Ga1,Gb4,
Rb5,Ge3,Gf1][%cal Ga1a7][%mdl 2048]} Na4 {'?' Ftacnik. Ftacnik: 'The defender
is making a serious mistake, White will get everything he could even have
dreamed about by developing his attacking plan.'} ({Much tougher resistance
was promissed by the move} 25... Kf8 {Ftacnik} 26. Ra5 Rb8 27. Qd2 Bc4 28. Bxc4
bxc4 29. Qxd6+ Qxd6 30. Bxc5 Qxc5+ 31. Rxc5 Rxb2 32. Rxc4 Rb1+ $14) 26. Qa7+
Bd7 (26... Rd7 27. Qb8 Rd8 (27... Rb7 28. Qh8 Kf7 29. Qxh7 Nxb2 30. Qh5+ Ke7
31. Qg6 $16) 28. Qxb5 Qxb5 29. Bxb5 Nxb2 30. Ra7+ Kf8 31. f4 $18) 27. b3 Nc5 (
27... Nxc3 $2 28. Ra6 $18) (27... Qb6+ 28. Qxb6 Nxb6 29. Ra7 Nc8 (29... Ra8 30.
Rb7 $18) 30. Rb7 $16) 28. Ra5 {[%csl Rb5]} Nxb3 29. Ra6 $18 {[%csl Rd6,Re7]
[%cal Ra6d6] '!' Ftacnik. Nach diesem Zug hängt alles in der schwarzen
Stellung.} Qc8 30. Rxd6 {[%csl Gb4][%cal Rb4e7] Ftacnik: 'The position is
materially equal, but Black defence has fallen apart like a house of cards.'} (
30. Rxd6 Kf7 (30... Ke8 31. Re6+ Kf7 32. Re7+ Kg8 33. Bxb5 $18) 31. Bxb5 $18)
1-0

[Event "Olympiad-36"]
[Site "Mallorca"]
[Date "2004.10.20"]
[Round "6"]
[White "Campora, Daniel Hugo"]
[Black "Solak, Dragan"]
[Result "1/2-1/2"]
[WhiteElo "2549"]
[BlackElo "2563"]
[Annotator "Ribli,Z"]
[PlyCount "77"]
[EventDate "2004.10.15"]
[EventType "team-swiss"]
[EventRounds "14"]
[EventCountry "ESP"]
[SourceTitle "CBM 104"]
[Source "ChessBase"]
[SourceDate "2005.01.27"]
[SourceVersion "1"]
[SourceVersionDate "2005.01.27"]
[SourceQuality "1"]
[WhiteTeam "Argentina"]
[BlackTeam "Yugoslavia"]
[WhiteTeamCountry "ARG"]
[BlackTeamCountry "YUG"]

1. e4 c5 2. Nf3 Nc6 3. d4 cxd4 4. Nxd4 Qc7 5. Nc3 e6 6. g3 {Diese Variante ist
heutzutage nicht so beliebt wie früher. Weiß möchte im Folgenden seinen Läufer
nach g2 stellen und eine stabile Stellung aufbauen. Eine andere Idee des Zugs
6.g3 ist, dass nach 6...Nf6 Weiß Vorteil mit 7.Bf4 bekommt, oder auch 7.Ndb5
und 8.Bf4.} a6 7. Bg2 Nf6 8. O-O Bc5 {Das ist eine aktive Variante, aber es
gibt Alternativen - 8...d6, 8...Be7 und 8...Nxd4 9.Qxd4 Bc5} 9. Bf4 {Dieser
Läuferzug führt zu Vereinfachungen, die anderen Möglichkeiten für Weiß sind -
9.Nb3 und 9.Nxc6.} (9. Nb3 Ba7 10. Nd5 exd5 11. exd5 O-O 12. Bf4 Qd8 13. dxc6
dxc6 14. Qxd8 Rxd8 15. Na5 Bb6 16. Nc4 Ba7 17. Bc7 Re8 18. Rfe1 {1/2-1/2
Campora,D-Cramling,P/Huelva 2002/CBM 89 ext (47)}) 9... e5 (9... Ne5 10. Na4 (
10. Bxe5 Qxe5 11. Nf3 Qc7 12. e5 Ng4 13. Qe2 $14) 10... Ba7 11. c4 d6 12. Rc1
Bd7 13. Nc3 Rd8 14. b3 h6 15. h3 Bc5 16. Be3 O-O 17. Qd2 Qb8 {1/2-1/2 Dabetic,
R-Solak,D/JUG-chT Tivat 1995/EXP 48 (47)}) 10. Nb3 exf4 11. Nxc5 fxg3 12. hxg3
d6 13. Nd5 {Dieser Springerzug wird selten gespielt.} (13. Nd3 h5 (13... Be6) (
13... O-O)) (13. Nb3) 13... Nxd5 14. exd5 Ne5 15. Nd3 $146 (15. Ne4 Bf5 16. Re1
Bxe4 17. Rxe4 O-O $11) 15... Bg4 {[%mdl 4] Auf diese Weise möchte Schwarz den
Zug 16.f3?! provozieren.} 16. Qe1 {Weiß spielt nicht 16.f3?!, aber er muss die
Möglichkeit 16...Nf3+ verhindern.} (16. f3 $6 Bf5 $15) 16... O-O $11 (16...
O-O-O $5) 17. Nxe5 dxe5 18. Qb4 f5 $2 {Schwarz mobilisiert seine
Bauernmehrheit am Königsflügel. Die Alternative scheint mir sicherer.} (18...
Qd7 $11) 19. d6 Qxc2 20. Qxb7 $2 {Weiß nimmt den schwachen b7-Bauern, aber es
wäre besser mit 20.Rac1 den Turm ins Spiel zu bringen.} (20. Rac1 $142 Qd3 (
20... a5 $2 21. Qxb7 $18) (20... Qe2 21. Rfe1 $16) 21. Qxb7 Qxd6 (21... e4 22.
Rc7 $16) (21... Rab8 22. Qd5+ Qxd5 23. Bxd5+ Kh8 24. f3 Bh3 25. Rfe1 $16) 22.
Qd5+ Qxd5 23. Bxd5+ Kh8 24. Bxa8 Rxa8 25. f3 Bh5 26. Rc5 $18) 20... e4 21. Qd5+
(21. Rac1 Qd2 22. Rc7 Qh6 $13) 21... Kh8 22. f3 {Weiß opfert einen Bauern,
denn sonst wäre sein g2B eingeschlossen.} exf3 23. Bxf3 Bxf3 (23... Qxb2 $15)
24. Rxf3 Qxb2 $15 {Schwarz hat einen Bauern mehr, aber der weiße d-Bauer ist
stark und das Material ist reduziert.} 25. Rd1 Qf6 26. d7 Rad8 27. Kg2 h6 28.
Re3 f4 29. Re6 (29. Rf3 Rf7 30. Rxf4 Qb2+ 31. Rd2 Rfxd7 $17) 29... Qb2+ 30. Rd2
f3+ 31. Kf2 Qb1 32. Re3 {[%csl Rf3][%mdl 256] Auf diese Weise gewinnt Weiß den
Bauern zurück.} (32. Rd1 Qc2+ 33. Rd2 Qc1 34. Rd1 $11) 32... Qh1 33. Rxf3 Qh2+
{Die weiße Königsstellung ist geschwächt, es gibt aber nichts Konkretes,
Schwarz hat nicht mehr als ein Dauerschach.} 34. Ke3 Qg1+ (34... Rxf3+ 35. Kxf3
Qh1+ 36. Kg4 $11) 35. Ke2 Qg2+ 36. Ke3 Qg1+ 37. Ke2 Qg2+ 38. Ke3 Qg1+ 39. Ke2
1/2-1/2

[Event "Drury Lane"]
[Site "London"]
[Date "1997.06.16"]
[Round "1"]
[White "McDonald, Neil R"]
[Black "Emms, John M"]
[Result "0-1"]
[WhiteElo "2490"]
[BlackElo "2535"]
[Annotator "Ribli,Z"]
[PlyCount "94"]
[EventDate "1997.06.16"]
[EventType "tourn"]
[EventRounds "9"]
[EventCountry "ENG"]
[EventCategory "10"]
[SourceTitle "CBM 060"]
[Source "ChessBase"]
[SourceDate "1997.09.29"]
[SourceVersion "1"]
[SourceVersionDate "1997.09.29"]
[SourceQuality "1"]

1. e4 c5 2. Nf3 e6 3. d4 cxd4 4. Nxd4 Nc6 5. Nc3 Qc7 6. Be2 a6 7. O-O Nf6 8.
Kh1 Nxd4 9. Qxd4 Bc5 10. Qd3 b5 {Weiß hat Entwicklungsvorteil, aber Schwarz
bekommt taktische Gegenchancen. Diese Variante ist in der letzten Zeit sehr
populär geworden.} 11. f4 (11. Bg5 $5 b4 12. Na4 Be7 13. f4 Bb7 14. e5 Nd5 15.
Bxe7 Kxe7 $6 16. c4 $1 $14 {Ricardi,P-Sadler,M/Buenos Aires/1995/CBM49/}) 11...
Bb7 12. Bf3 h5 {[%csl Gc5][%cal Gc5g1,Gg4f6,Gh8h1] Nach diesem Zug ist es klar,
daß der schwarze König in der Mitte bleibt.} 13. e5 Ng4 14. Bxb7 (14. Bd2 Rc8
15. Bxb7 Qxb7 16. Ne4 Be7 17. Rae1 Qc6 18. f5 Nxe5 19. Qg3 Ng4 20. h3 Qb6 {
0-1 Sigurjonsson,G-Fedorowicz,J/Nordic-USA 1986 (34)}) (14. a4 b4 15. Bxb7 Qxb7
16. Ne4 Qc6 17. Bd2 Rc8 18. c3 bxc3 19. Bxc3 O-O 20. Rf3 Be7 21. a5 Rfd8 22.
Rd1 Qa4 23. f5 Rxc3 24. Nxc3 Qxa5 {1/2-1/2 Chandler,M-Teske,H/BL9192 1992})
14... Qxb7 15. Ne4 Be7 (15... Rc8 16. c3 Be7 17. Be3 h4 18. Bd4 h3 19. g3 Nh6
20. Qf3 Qc6 21. Rae1 Nf5 22. Bf2 d5 23. exd6 Nxd6 24. Nxd6+ Bxd6 {1/2-1/2
Felsberger,A-Titz,H/AUT-chT 1993 (62)}) 16. Be3 {Das ist die alte Fortsetzung.
Das weiße Hauptproblem besteht darin, einen guten Platz für seinen Läufer zu
finden.} (16. b3 Nh6 (16... Rc8 17. Bb2 Nh6 18. Qf3 Qc6 (18... Qb8 19. Rf2 (19.
Qxh5 Rxc2 $11) 19... Nf5 20. Rd1 h4 21. Rfd2 $13 {Lutz-Gabrilauskas,Pula 1997.}
) (18... Qb6 $5) 19. Rac1 O-O 20. Rfe1 h4 21. g4 hxg3 22. hxg3 Rc7 23. c4 {
1-0 Tischbierek,R-Michaelsen,N/BL 1996 (40)}) 17. Bb2 Nf5 18. Rae1 $5 Rc8 19.
Re2 h4 20. Qf3 Qc6 21. Rd1 {1/2-1/2 Dolmatov,S-Tunik,G/RUS-ch Elista 1995 (29)}
) (16. h3 Nh6 17. Be3 Nf5 18. Bf2 h4 19. c3 O-O $10 {Anand,V-Ivanchuk,V/Buenos
Aires/1994/CBM44/INF62,(186)/}) 16... Rc8 17. Bg1 {Der Läufer ist in
Sicherheit, aber in einigen Varianten gibt es keine Luft für den weißen König.}
(17. Bd4 Nh6 18. c3 Nf5 {~~ Nunn,J-Zichichi,A/Reggio Emilia 1983}) 17... Nh6
18. c3 (18. a4 b4 (18... O-O 19. Qf3 $5 {[%csl Rh5][%cal Gf3b7,Re4f6]} (19.
axb5 Qxb5 20. Qf3 (20. Qxb5 axb5 21. Rfd1 Rc7)))) 18... Nf5 $13 {[%csl Gf5]}
19. Rfe1 h4 {[%cal Yf5g3] In einigen Varianten droht ...Nf5-g3 hxg3 hxg3.} 20.
h3 {[%csl Rg3]} (20. Nd6+ $2 {Dieser Zug ist strategisch auch schlecht.Ribli.}
Bxd6 21. exd6 Ng3+ 22. hxg3 hxg3+ 23. Bh2 Rxh2+ 24. Kg1 Qxg2#) 20... O-O 21.
Rad1 Rfd8 $15 {Schwarz hat Positionsvorteil. Der weiße Königsflügel, besonders
der Punkt g3, ist schwach. Schwarz kontrolliert die wichtigen Felder am
Damenflügel. Der weiße Läufer auf g1 spielt nur eine passive Rolle.} 22. Qf3 {
[%cal Re4f6,Rf3b7]} Qb8 {Ich glaube, das ist die beste Möglichkeit für Schwarz.
} (22... Qc6 {Das ist auch spielbar, aber die Dame steht ein bißchen exponiert
auf c6.}) (22... d5 23. exd6 Bxd6 (23... Nxd6 24. Rxd6 Bxd6 25. Nf6+ $18) 24.
Nf6+ $18) 23. b3 $6 {Dieser Zug gefällt mir nicht, er schwächt den weißen
Damenflügel ohne besonderes Ziel.} (23. Bf2) (23. Kh2) 23... d5 {Mit diesem
Zug übernimmt Schwarz die Führung der Partie.} 24. exd6 Bxd6 $5 {[%csl Rf4,Gf5]
Natürlich tauscht Schwarz nicht seine beste Figur, den Stolz der Stellung, den
Springer auf f5.} (24... Nxd6 25. Nxd6 Bxd6 26. Bf2 Bxf4 27. Bxh4) 25. Nxd6
Rxd6 26. Rxd6 Qxd6 {Schwarz hat gute Figurenspiel, Weiß hat viele
Bauernschwächen, und sein ewiges Problem bleibt die Königstellung.} 27. Rd1 Qa3
$17 {[%csl Ga3]} 28. Qb7 Rf8 $1 {Schwarz verteidigt seine einzige Schwäche,
und Weiß ist ohne besonderes Gegenspiel.} (28... Rxc3 29. Rd8+ Kh7 30. Qxf7
Ng3+ 31. Kh2 Nf1+ $11) 29. c4 (29. Ra1 {[%csl Ra1]} Qb2) 29... Qxa2 (29... bxc4
{Dieser Tausch hilft nur Weiß.} 30. bxc4 $15) 30. c5 (30. cxb5 Qxb3 {[%csl Gb3]
[%cal Rb3d1,Rb3b5]}) 30... Qxb3 31. Qd7 Qc2 {[%csl Gc2][%cal Rb5b1] Das ist
ein wirklich guter Platz für die Dame. Er kontrolliert den weißen Turm auf d1
und den weiße Freibauer. Gleichzeitig bereitet er den Bauermarsch auf b1 vor.}
32. c6 b4 33. c7 {Der weiße Freibauer ist schneller, aber das hat keine
Bedeutung, weil das Feld c8 unter schwarzer Kontrolle ist.} b3 34. Kh2 {
Weiß spielt seine einzige Gegenchance.} (34. Qd8 b2 $19) 34... b2 35. Bb6 b1=Q
(35... Ne7 $2 36. Qxe7 Qxd1 37. Qxf8+ Kxf8 38. c8=Q+ Ke7 39. Qc7+ Kf6 (39...
Qd7 40. Bc5+ Ke8 41. Qb8+ $18) (39... Kf8 40. Qb8+ Ke7 41. Bc5+ $18) 40. Qe5+
$18) 36. Rxb1 Qxb1 37. c8=Q Rxc8 38. Qxc8+ Kh7 39. Qxa6 {Schwarz hat einen
Bauern mehr und der weiße Königsflügel ist nach wie vor schwach. Die
Anwesenheit der Damen verbessert die schwarze Angriffchancen.} Qb4 40. Bc7 $8 {
[%csl Gf5]} Qe1 41. Qd3 {[%cal Gd3h7] Wegen dieser Fesselung geht nicht die
Mattdrohung 41...Ng3.} Qc1 (41... Qg3+ $5 {aber Schwarz muß nicht eilen mit
diesem Zug, er kann zunächst seine Königsstellung verbessern.}) 42. Be5 $6 (42.
Bb8) 42... f6 (42... Kh6 43. Qd8 {[%csl Gd8]}) 43. Bb8 Qe1 44. Ba7 Kg6 {
Mit kleinen Zügen verbessert Schwarz seine Stellung, weil Weiß nur warten kann.
} 45. Bb6 Qg3+ $1 $19 46. Qxg3+ hxg3+ {[%csl Rf4] Nach dem Damentausch
verliert Weiß einen zweiten Bauern auf f4.} 47. Kg1 Ne7 {[%cal Re7d5,Rd5f4,
Rg6f5,Rf5f4] Und Weiß gab auf. Er kann den f4-Bauern nicht halten. Seine
Stellung ist hoffnungslos.} 0-1